000 00473nam a2200193Ia 4500
008 240509s9999 xx 000 0 und d
020 _a0008120312058
041 _aEng
082 _a658.16
082 _bP26
100 _aPEPPARD J. : ROWLAND P.
245 4 _aTHE ESSENCE OF BUSINESS PROCESS RE-ENGINEERING
260 _bNEW DELHI : PRINTICE HALL
260 _c1995
300 _a256 p.
650 _aMANAGEMENT : RE-ENGINEERIN
942 _2ddc
942 _cRBK
999 _c29623
_d29623
945 _a1
_bMadushi Gamage
_c1
_dMadushi Gamage